Quiz sur la France - Statistiques

Statistiques générales
  • Ce quiz a été pris 440 fois
  • Le résultat moyen est 9 sur 16
Statistiques - réponses
Question : Réponse : % Correct
Comment s'appelle la capitale ? Paris
100%
Dans quelle région se situe cette ville ? Île-de-France
92%
Comment s'appelle le président français élu en 2017 et en 2022 Emmanuel Macron
87%
Qui a inventé la Tour Eiffel ? Gustave Eiffel
80%
Combien de gens habitent en France en 2024, à 1 million près ? 68 000 000 habitants environ
72%
Quelle république représentent-ils ? La 5ème République
65%
Combien la France métropolitaine a-t-elle de pays limitrophes ? 8
62%
Combien de départements y a-t-il en France métropolitaine ? 96
59%
Et la poubelle ? Eugène Poubelle
58%
Cite l'un des 3 produits français les plus consommés au Japon : Le fromage, les pâtisseries et le chocolat
53%
Quel est le département d'outre-mer le plus grand ? la Guyane
50%
Comment s'appelle celui élu en 1981 ? François Mitterrand
33%
En quelle année l'Algérie a-t-elle obtenu son indépendance ? 1962
23%
Quel est l'animal domestique le plus présent en France ? Le poisson avec 39 %
18%
Qu'est-ce qui est vert et qui monte et qui descend ? Un petit pois dans un ascenseur, bien sûr !
16%
Quel pourcentage de Français habite à paris ? 19 %
14%
Aucun quiz correspondant
Distribution des résultats
% des personnes avec chaque résultat
Percentile par nombre de réponses
Votre historique - résultats
Vous n’avez pas pris ce quiz